[Event "CRO Cup"]
[Site "Mali Losinj"]
[Date "2019.05.16"]
[Round "3.134"]
[White "Kovac, Petar"]
[Black "Franolic Kukina, Silvio"]
[Result "1-0"]
[WhiteElo "1874"]
[BlackElo "1368"]
[PlyCount "101"]
[EventDate "2019.05.15"]
[EventType "team-swiss"]
[EventRounds "6"]
[EventCountry "CRO"]
[SourceTitle "CBM 190 Extra"]
[Source "ChessBase"]
[SourceDate "2019.07.15"]
[SourceVersion "1"]
[SourceVersionDate "2019.07.15"]
[SourceQuality "1"]
[WhiteTeam "Zupanja Sladorana"]
[BlackTeam "Rijeka Junior"]
[WhiteTeamCountry "CRO"]
[BlackTeamCountry "CRO"]

1. d4 Nf6 2. c4 g6 3. Nc3 d5 4. Nf3 Bg7 5. Qb3 c6 6. Bf4 Ne4 7. e3 Nxc3 8. bxc3 Qa5 9. Bd3 Nd7 10. 0-0 0-0 11. e4 dxc4 12. Bxc4 b5 13. Bd3 Ba6 14. a4 Qb6 15. a5 Qb7 16. Rab1 Qc8 17. c4 bxc4 18. Bxc4 Bxc4 19. Qxc4 c5 20. d5 Re8 21. e5 f6 22. e6 Ne5 23. Nxe5 fxe5 24. Be3 Qc7 25. Qxc5 Qxc5 26. Bxc5 a6 27. Rfc1 Bf6 28. Bb6 Rec8 29. Rc6 Rab8 30. Rbc1 Re8 31. g3 Bg5 32. R1c2 Bf6 33. Rc7 Rbd8 34. Rd7 Rc8 35. Rc6 Kf8 36. Kf1 Kg7 37. Ke2 Kh6 38. Ke3 g5 39. g4 Kg6 40. Kd3 h5 41. h3 hxg4 42. hxg4 Bg7 43. Rxc8 Rxc8 44. Rxe7 Rc1 45. Kd2 Ra1 46. d6 Ra2+ 47. Kc1 Bf8 48. Rd7 Ra1+ 49. Kb2 Rd1 50. e7 Bxe7 51. dxe7 1-0

[Event "Mediterranean op 9th"]
[Site "Rijeka"]
[Date "2017.02.12"]
[Round "2"]
[White "Franolic Kukina, Silvio"]
[Black "Vujic, Agata"]
[Result "0-1"]
[WhiteElo "1193"]
[BlackElo "1588"]
[PlyCount "58"]
[EventDate "2017.02.11"]
[EventType "swiss"]
[EventRounds "9"]
[EventCountry "CRO"]
[SourceTitle "CBM 177 Extra"]
[Source "ChessBase"]
[SourceDate "2017.04.27"]
[SourceVersion "1"]
[SourceVersionDate "2017.04.27"]
[SourceQuality "1"]

1. d4 d5 2. c4 dxc4 3. e4 e6 4. Bxc4 a6 5. Nf3 b5 6. Be2 Nf6 7. Nc3 Bb7 8. Qd3 Nbd7 9. Bg5 h6 10. Bh4 c5 11. e5 g5 12. Nxg5 hxg5 13. Bxg5 Bxg2 14. Rg1 Bb7 15. exf6 Rxh2 16. dxc5 Bxc5 17. Be3 Qb6 18. Bxc5 Qxc5 19. 0-0-0 Nf8 20. Rg8 Qc7 21. Kb1 Rxf2 22. Nxb5 axb5 23. Qxb5+ Qc6 24. Qxb7 Qxb7 25. Rd2 Rb8 26. a4 Qe4+ 27. Bd3 Rf1+ 28. Ka2 Qd5+ 29. b3 Qxb3# 0-1